Anagrammi dei Calciatori - Quiz n°53 - Statistics

Statistiche generali
  • Questo quiz è stato fatto 11 volte
  • Il punteggio medio è 5 su 10
Statistiche sulle risposte
Anagramma Calciatore % Corretto
nojes Jones
75%
tgrzeeetu Trezeguet
75%
tmaći Matić
63%
caukk Kucka
50%
lnoe Leno
50%
dnaadnma Mandanda
50%
leacsa Casale
38%
lćvovaih Vlahović
38%
ericab Acerbi
13%
eaptrort Perrotta
13%
Nessun quiz corrispondente trovato
Distribuzione punteggi
Percentuale di utenti per punteggio
Percentile per numero di risposta
I tuoi punteggi nel tempo
Non hai fatto questo quiz